India: scheduled castes and scheduled tribes (Record no. 484798)

000 -LEADER
fixed length control field 00450cam a22001337a 4500
008 - FIXED-LENGTH DATA ELEMENTS--GENERAL INFORMATION
fixed length control field 180718b1975 xxu||||| |||| 00| 0 eng d
082 ## - DEWEY DECIMAL CLASSIFICATION NUMBER
Classification number A81x54 In2/71/1/Pap1/1975
100 ## - MAIN ENTRY--PERSONAL NAME
Personal name Census of India 1971
245 ## - TITLE STATEMENT
Title India: scheduled castes and scheduled tribes
260 ## - PUBLICATION, DISTRIBUTION, ETC.
Place of publication, distribution, etc. Delhi
Name of publisher, distributor, etc. The Manager of Publications
Date of publication, distribution, etc. 1975
300 ## - PHYSICAL DESCRIPTION
Extent 169+p.
440 ## - SERIES STATEMENT/ADDED ENTRY--TITLE
Title Census of India 1971. Series-1, India. Paper 1 of 1975
500 ## - GENERAL NOTE
General note Contents: Table C-VIII, parts A&B
Holdings
Withdrawn status Lost status Damaged status Not for loan Permanent Location Current Location Date acquired Full call number Barcode Date last seen Price effective from Koha item type
        Indian Institute of Public Administration Indian Institute of Public Administration 2018-08-04 A81x54 In2/71/1/Pap1/1975 G13525 2018-08-04 2018-08-04 G
        Indian Institute of Public Administration Indian Institute of Public Administration 2018-08-04 A81x54 In2/71/1/Pap1/1975 G13013 2018-08-04 2018-08-04 G

Powered by Koha